000 00695nam a2200253Ia 4500
003 OSt
005 20221006154739.0
006 a|||||r|||| 00| 0
007 ta
008 221006b |||||||| |||| 00| 0 eng d
020 _a0833013335
024 _a39,184
037 _cTextual
040 _aEASL
_cEASL
_beng
041 _2eng
_aeng
082 _aV42:19580j73,(zp), N3
100 _aGelman Harry
245 0 _aRusso-lapanese relations and the future of the U.S.-japanese alliance
260 _aSanta
_bMonica RAND
_c1993
300 _a98p.
_ccm.
490 _v JEL
942 _hV42:19580j73,(zp), N3
_cTEXL
_2CC
999 _c1107270
_d1107270